SPHL Teams - Statistics

General Stats
  • This quiz has been taken 9 times
  • The average score is 8 of 10
Answer Stats
Team Location Arena % Correct
Fayetteville Marksmen Fayetteville, NC Crown Coliseum
88%
Huntsville Havoc Huntsville, AL Von Braun Center
88%
Peoria Rivermen Peoria, IL Peoria Civic Center
88%
Birmingham Bulls Pelham, AL Pelham Civic Center
75%
Evansville Thunderbolts Evansville, IN Ford Center
75%
Knoxville Ice Bears Knoxville, TN Knoxville Civic Coliseum
75%
Macon Mayhem Macon, GA Macon Coliseum
75%
Pensacola Ice Flyers Pensacola, FL Pensacola Bay Center
75%
Quad City Storm Moline, IL Vibrant Arena at The MARK
75%
Roanoke Rail Yard Dawgs Roanoke, VA Berglund Center
63%
No matching quizzes found
Score Distribution
Percent of People with Each Score
Percentile by Number Answered
Your Score History
You have not taken this quiz